Religion Quiz

Random Religion or Letter Quiz

Biblical A's Quiz Stats

 Plays Quiz not verified by Sporcle

Score 0/47 Timer 08:00
1 Play Today
% Correct
Adam
90.5%
Acts
80.8%
Andrew
70.9%
Amos
69.1%
Amos
69%
Anna
48.9%
Anna
48.9%
Aaron
45.1%
Abraham
44%
Asher
43.3%
Ark of the Covenant
40.5%
Absalom
38.9%
Abigail
38.2%
Ahab
35.5%
Abel
27.8%
Asa
20.3%
Ahaz
19.3%
Amnon
14.8%
Amon
14.4%
Adonijah
12.5%
Azariah (Uzziah)
11.9%
Azariah
11.9%
Ahaziah
11.7%
Ahaziah
11.7%
% Correct
Abijah
11.6%
Amaziah
11.4%
Athaliah
11.3%
Athaliah
11.3%
Abishag
9.7%
Adah
9.3%
Abihail
8.1%
Abital
8%
Abdon
7.2%
Ahinoam
7.1%
Achsah
6.4%
Ahijah
6.4%
Asenath
6.2%
Azubah
6.1%
Agur
5.6%
Ahlai
5.4%
Atarah
5.3%
Agabus
4.9%
Abijam
4.5%
Ashtoreth
4.1%
Apphia
3.7%
Aholah
3.3%
Anammelech
2.9%

You're not logged in!

Compare scores with friends on all Sporcle quizzes.
OR
Log In

Show Comments

Extras

Top Quizzes Today


Score Distribution

Your Account Isn't Verified!

In order to create a playlist on Sporcle, you need to verify the email address you used during registration. Go to your Sporcle Settings to finish the process.

Report this User

Report this user for behavior that violates our Community Guidelines.

Details: